Пропуск в контексте

Методические указания для самостоятельной работы студентов по учебной дисциплине "Теория предпринимательства"

Методические указания к самостоятельной работе студентов по дисциплине «Теория предпринимательства» предназначены для студентов, обучающихся по специальности 080502 – «Экономика и управление на предприятии АПК». Содержат тематику рефератов для самостоятельной подготовки, типовые задачи для самоконтр...

תיאור מלא

שמור ב:
מידע ביבליוגרפי
פורמט: Книга
שפה:Russian
יצא לאור: Челябинск ЮУрГАУ 2008
גישה מקוונת:https://e.lanbook.com/books/element.php?pl1_cid=25&pl1_id=9521
https://e.lanbook.com/img/cover/book/9521.jpg
תגים: הוספת תג
אין תגיות, היה/י הראשונ/ה לתייג את הרשומה!
LEADER 01756nam0a2200217 i 4500
001 9521
003 RuSpLAN
005 20221220173902.0
008 221220s2008 ru gs 000 0 rus
040 |a RuSpLAN 
041 0 |a rus 
044 |a ru 
245 0 0 |a Методические указания для самостоятельной работы студентов по учебной дисциплине "Теория предпринимательства" 
260 |a Челябинск  |b ЮУрГАУ  |c 2008 
300 |a 22 с. 
504 |a Библиогр.: доступна в карточке книги, на сайте ЭБС Лань 
520 8 |a Методические указания к самостоятельной работе студентов по дисциплине «Теория предпринимательства» предназначены для студентов, обучающихся по специальности 080502 – «Экономика и управление на предприятии АПК». Содержат тематику рефератов для самостоятельной подготовки, типовые задачи для самоконтроля, список рекомендованной литературы. Предназначены для студентов очной и заочной форм обучения факультета экономики и управления. 
521 8 |a Книга из коллекции ЮУрГАУ - Экономика и менеджмент 
856 4 |u https://e.lanbook.com/books/element.php?pl1_cid=25&pl1_id=9521 
856 4 8 |u https://e.lanbook.com/img/cover/book/9521.jpg 
953 |a https://e.lanbook.com/img/cover/book/9521.jpg 
Cannot write session to /tmp/vufind_sessions/sess_58r37j7q24dd0pl0dbcnb7bj2r